Organelles of a Cell Map Quiz - Statistics

General Stats
  • This quiz has been taken 1,140 times
  • The average score is 7 of 13
Answers on the Map
Answers color-coded by a green-red scale on the quiz's map according to % correct below.
 
Answer Stats
Answer % Correct
Nucleus
88%
Nucleolus
75%
Mitochondrion
74%
Rough endoplasmic reticulum
69%
Smooth endoplasmic reticulum
66%
Golgi apparatus
56%
Cytosol
51%
Centriole
47%
Ribosome
46%
Cytoskeleton
40%
Lysosome
39%
Vacuole
37%
Vesicle
25%
No matching quizzes found
Score Distribution
Percent of People with Each Score
Percentile by Number Answered
Your Score History
You have not taken this quiz